[Event "GER-ch60 final email"]
[Site "GER email"]
[Date "2012.01.28"]
[Round "?"]
[White "Kuntermann, Herbert"]
[Black "Heinke, Richard"]
[Result "1/2-1/2"]
[WhiteElo "1981"]
[BlackElo "2145"]
[PlyCount "72"]
[EventDate "2012.02.13"]
[EventType "tourn (corr)"]
[EventRounds "13"]
[EventCountry "GER"]
[SourceTitle "Corr 2015"]
[Source "ChessBase"]
[SourceDate "2015.07.17"]
[SourceVersion "1"]
[SourceVersionDate "2015.07.17"]
[SourceQuality "1"]

1. e4 c5 2. Nf3 Nc6 3. d4 cxd4 4. Nxd4 Nf6 5. Nc3 e5 6. Ndb5 d6 7. Bg5 a6 8. Na3 b5 9. Bxf6 gxf6 10. Nd5 Bg7 11. c3 f5 12. exf5 Bxf5 13. Nc2 Be6 14. g3 0-0 15. Bg2 a5 16. 0-0 f5 17. Qe2 Rb8 18. Rad1 Kh8 19. Na3 Na7 20. Rd2 b4 21. Nc4 Nb5 22. cxb4 axb4 23. Nxb4 e4 24. Ne3 Nd4 25. Rxd4 Bxd4 26. Nc6 Qf6 27. Nxb8 Rxb8 28. b3 d5 29. Rd1 Qe5 30. Bh3 Ba7 31. Qh5 Rf8 32. Qh6 Rg8 33. Ng2 d4 34. Nf4 Bf7 35. Qa6 Bc5 36. Qb7 Bg6 1/2-1/2

[Event "GER-ch60 final email"]
[Site "GER email"]
[Date "2012.01.28"]
[Round "?"]
[White "Kuntermann, Herbert"]
[Black "Noth, Dieter"]
[Result "1/2-1/2"]
[WhiteElo "1981"]
[BlackElo "2124"]
[PlyCount "65"]
[EventDate "2012.02.13"]
[EventType "tourn (corr)"]
[EventRounds "13"]
[EventCountry "GER"]
[SourceTitle "Corr 2015"]
[Source "ChessBase"]
[SourceDate "2015.07.17"]
[SourceVersion "1"]
[SourceVersionDate "2015.07.17"]
[SourceQuality "1"]

1. e4 c5 2. Nf3 d6 3. d4 cxd4 4. Nxd4 Nf6 5. Nc3 g6 6. Be3 Bg7 7. f3 0-0 8. Qd2 Nc6 9. 0-0-0 d5 10. exd5 Nxd5 11. Nxc6 bxc6 12. Bd4 Bxd4 13. Qxd4 Qb6 14. Na4 Qc7 15. Bc4 Rd8 16. Bb3 Bf5 17. Nc5 Nb6 18. Qc3 h5 19. g3 e6 20. Rhe1 Rac8 21. a3 Qe7 22. Qe3 Nd5 23. Qg1 Rb8 24. h4 Rb5 25. Na4 Qc7 26. Rd2 Nf6 27. Rxd8+ Qxd8 28. Bc4 Rb8 29. Rd1 Qc7 30. Rd2 Qe5 31. Qf2 Kg7 32. Rd1 Qc7 33. Qe1 1/2-1/2

[Event "GER-ch58 V09 email"]
[Site "GER email"]
[Date "2010.05.04"]
[Round "?"]
[White "Bachmann, Bernd"]
[Black "Kuntermann, Herbert"]
[Result "0-1"]
[WhiteElo "2072"]
[BlackElo "1967"]
[PlyCount "106"]
[EventDate "2010.05.12"]
[EventType "tourn (corr)"]
[EventRounds "6"]
[EventCountry "GER"]
[SourceTitle "Corr 2013"]
[Source "ChessBase"]
[SourceDate "2012.11.12"]
[SourceVersion "1"]
[SourceVersionDate "2012.11.12"]
[SourceQuality "1"]

1. d4 Nf6 2. c4 e6 3. Nf3 b6 4. g3 Ba6 5. b3 Bb4+ 6. Bd2 Be7 7. Bg2 d5 8. cxd5 Nxd5 9. Nc3 Nd7 10. Nxd5 exd5 11. 0-0 0-0 12. Rc1 Re8 13. Re1 h6 14. Qc2 Ba3 15. b4 Bxc1 16. Bxc1 Bc4 17. a4 c6 18. e3 Qe7 19. Bh3 a5 20. bxa5 Rxa5 21. Bd2 Ra7 22. e4 Qa3 23. Bxd7 Rxd7 24. Ne5 Rde7 25. Rb1 c5 26. Bc1 Qa2 27. Rb2 Qa1 28. Rb1 Qxd4 29. Bb2 Bd3 30. Nxd3 Qxe4 31. Rf1 Ra8 32. Qc3 d4 33. Qc2 Qd5 34. Nf4 Qd7 35. Qb3 Qc6 36. Qd5 Qxd5 37. Nxd5 Rb7 38. Ra1 Rd8 39. Nf4 Ra7 40. Kf1 Rda8 41. Rd1 Rxa4 42. Rd2 Rb4 43. Nd3 Rb3 44. Nc1 Rxb2 45. Rxb2 Ra1 46. Ke2 Rxc1 47. Kd2 Rf1 48. Kd3 Kf8 49. Rxb6 Rxf2 50. Rc6 Rf3+ 51. Ke2 Rc3 52. Rc7 c4 53. Kd2 h5 0-1

[Event "GER PZ17 414 serv"]
[Site "GER email"]
[Date "2009.06.15"]
[Round "?"]
[White "Kuntermann, Herbert"]
[Black "Kmiecik, Klaus"]
[Result "1/2-1/2"]
[WhiteElo "1967"]
[BlackElo "2029"]
[PlyCount "57"]
[EventDate "2009.06.22"]
[EventType "tourn (corr)"]
[EventRounds "6"]
[EventCountry "GER"]
[SourceTitle "Corr 2013"]
[Source "ChessBase"]
[SourceDate "2012.11.12"]
[SourceVersion "1"]
[SourceVersionDate "2012.11.12"]
[SourceQuality "1"]

1. e4 d5 2. exd5 Nf6 3. d4 Nxd5 4. Nf3 Bg4 5. c4 Nf6 6. Be2 e6 7. 0-0 Be7 8. Qb3 Qc8 9. h3 Bh5 10. Bf4 0-0 11. Nc3 Nbd7 12. Qc2 Bg6 13. Bd3 Bxd3 14. Qxd3 c5 15. d5 exd5 16. cxd5 c4 17. Qc2 Bb4 18. d6 Bxc3 19. Qxc3 Re8 20. Rfe1 Qc5 21. Rad1 Rxe1+ 22. Rxe1 Nd5 23. Qd2 Rd8 24. Bg3 h6 25. Nd4 N5b6 26. Bh4 Rc8 27. Bg3 Rd8 28. Bh4 Rc8 29. Bg3 1/2-1/2

[Event "GER-ch44 V9 email"]
[Site "GER email"]
[Date "2008.12.02"]
[Round "?"]
[White "Kuntermann, Herbert"]
[Black "Gunkel, Wolfgang"]
[Result "0-1"]
[WhiteElo "1949"]
[BlackElo "2072"]
[PlyCount "94"]
[EventDate "2008.??.??"]
[EventType "tourn (corr)"]
[EventRounds "10"]
[EventCountry "GER"]
[SourceTitle "Corr 2011"]
[Source "ChessBase"]
[SourceDate "2010.08.31"]
[SourceVersion "1"]
[SourceVersionDate "2010.08.31"]
[SourceQuality "1"]

1. e4 e6 2. d4 d5 3. Nc3 Bb4 4. e5 c5 5. a3 Bxc3+ 6. bxc3 Ne7 7. Qg4 0-0 8. Bd3 f5 9. exf6 Rxf6 10. Bg5 Rf7 11. Qh5 g6 12. Qd1 Qa5 13. Bd2 Nd7 14. f4 c4 15. Be2 Nf6 16. Nh3 Ne4 17. 0-0 Nxc3 18. Ng5 Rg7 19. Qe1 Nxe2+ 20. Qxe2 c3 21. Be1 Nf5 22. Bf2 Bd7 23. Rfb1 Nd6 24. Rb3 Re8 25. Be1 Ba4 26. Rb4 b5 27. Bxc3 Qc7 28. Qe1 Nf5 29. g3 Qc8 30. Rbb1 Rc7 31. Bb2 Bxc2 32. Rc1 Nd6 33. Qf2 Bf5 34. Rc5 Qb7 35. Rac1 Nc4 36. Nf3 Rec8 37. Ne5 Qa6 38. Rxc7 Rxc7 39. Qe1 Qb7 40. Nxc4 bxc4 41. Qb4 a5 42. Qxb7 Rxb7 43. Bc3 Rb3 44. a4 Ra3 45. Bxa5 Rxa4 46. Bc3 Ra3 47. Bb4 Ra2 0-1

[Event "GER-Cup17 qual-13 Server email"]
[Site "GER email"]
[Date "2008.07.03"]
[Round "?"]
[White "Kuntermann, Herbert"]
[Black "Warzecha, Helmut"]
[Result "1/2-1/2"]
[WhiteElo "1949"]
[BlackElo "2095"]
[PlyCount "52"]
[EventDate "2008.??.??"]
[EventType "tourn (corr)"]
[EventRounds "6"]
[EventCountry "GER"]
[SourceTitle "Corr 2011"]
[Source "ChessBase"]
[SourceDate "2010.08.31"]
[SourceVersion "1"]
[SourceVersionDate "2010.08.31"]
[SourceQuality "1"]

1. e4 c5 2. Nf3 Nc6 3. d4 cxd4 4. Nxd4 g6 5. c4 d6 6. Nc3 Nf6 7. Nc2 Bg7 8. Be2 Nd7 9. 0-0 0-0 10. Bd2 Nb6 11. Rc1 Be6 12. b3 Nd7 13. Nd5 Nc5 14. f3 a5 15. Bg5 f5 16. exf5 Bxf5 17. Qd2 Ne6 18. Bh4 Bxc2 19. Qxc2 Ned4 20. Qd2 Nf5 21. Bf2 e6 22. Nc3 Nfd4 23. Rcd1 Be5 24. Bd3 Rxf3 25. Nb5 Rh3 26. Bg3 Rh5 1/2-1/2

[Event "GER-Cup17 qual-13 Server email"]
[Site "GER email"]
[Date "2008.07.03"]
[Round "?"]
[White "Zejewski, Paul"]
[Black "Kuntermann, Herbert"]
[Result "1/2-1/2"]
[WhiteElo "1949"]
[BlackElo "1949"]
[PlyCount "99"]
[EventDate "2008.??.??"]
[EventType "tourn (corr)"]
[EventRounds "6"]
[EventCountry "GER"]
[SourceTitle "Corr 2011"]
[Source "ChessBase"]
[SourceDate "2010.08.31"]
[SourceVersion "1"]
[SourceVersionDate "2010.08.31"]
[SourceQuality "1"]

1. e4 e5 2. Nf3 Nc6 3. Bb5 a6 4. Ba4 Nf6 5. 0-0 Be7 6. Re1 b5 7. Bb3 0-0 8. h3 d6 9. c3 Nb8 10. d4 Nbd7 11. Nbd2 Bb7 12. Bc2 Re8 13. Nf1 Bf8 14. Ng3 g6 15. a4 c5 16. d5 c4 17. Bg5 h6 18. Be3 Nc5 19. Qd2 h5 20. Bg5 Be7 21. Bh6 Bf8 22. Bg5 Be7 23. Ra3 Nfd7 24. Be3 Bf6 25. Rea1 Qe7 26. Qd1 Rec8 27. axb5 axb5 28. Ra5 Ba6 29. Nf1 Qd8 30. N1d2 Na4 31. R5xa4 bxa4 32. Bxa4 Qc7 33. Bc6 Bb7 34. Rxa8 Bxa8 35. Nxc4 Bxc6 36. dxc6 Qxc6 37. Nxd6 Rb8 38. b4 Nb6 39. b5 Qxc3 40. Nxf7 Kxf7 41. Qd6 Qa1+ 42. Kh2 Qa7 43. Bg5 Nd7 44. Bxf6 Nxf6 45. Nxe5+ Kg7 46. Nc6 Qxf2 47. Qxb8 Ng4+ 48. hxg4 Qh4+ 49. Kg1 Qe1+ 50. Kh2 1/2-1/2

[Event "GER-ch40 V07 email"]
[Site "GER email"]
[Date "2008.04.28"]
[Round "?"]
[White "Hoebel, Hartmut"]
[Black "Kuntermann, Herbert"]
[Result "1-0"]
[WhiteElo "2430"]
[BlackElo "2298"]
[PlyCount "83"]
[EventDate "2008.??.??"]
[EventType "tourn (corr)"]
[EventRounds "10"]
[EventCountry "GER"]
[SourceTitle "Corr 2011"]
[Source "ChessBase"]
[SourceDate "2010.08.31"]
[SourceVersion "1"]
[SourceVersionDate "2010.08.31"]
[SourceQuality "1"]

1. c4 e5 2. Nc3 Nf6 3. Nf3 Nc6 4. g3 Bb4 5. Bg2 0-0 6. 0-0 e4 7. Ng5 Bxc3 8. bxc3 Re8 9. f3 exf3 10. Nxf3 d5 11. d4 dxc4 12. Bg5 Qd6 13. Bxf6 Qxf6 14. Ne5 Qh6 15. Nxf7 Qe3+ 16. Kh1 Rf8 17. d5 Ne7 18. Rf3 Qc5 19. Ng5 Bg4 20. Qc2 Ng6 21. Rxf8+ Rxf8 22. Qe4 Bd7 23. Ne6 Bxe6 24. dxe6 c6 25. Rb1 Rd8 26. h4 Qd6 27. Kh2 Rb8 28. h5 Ne7 29. Rf1 Re8 30. Bh3 h6 31. Qf3 Kh8 32. Qf7 Rg8 33. e4 Qd2+ 34. Bg2 Qd8 35. e5 b5 36. Be4 a5 37. Rf6 Qd2+ 38. Kh3 Qe3 39. Rf4 Qc5 40. Bc2 Qa3 41. Rg4 Qxc3 42. Be4 1-0

[Event "GER-ch40 V07 email"]
[Site "GER email"]
[Date "2008.04.28"]
[Round "?"]
[White "Hoffmann, Frank"]
[Black "Kuntermann, Herbert"]
[Result "1-0"]
[WhiteElo "2341"]
[BlackElo "2298"]
[PlyCount "87"]
[EventDate "2008.??.??"]
[EventType "tourn (corr)"]
[EventRounds "10"]
[EventCountry "GER"]
[SourceTitle "Corr 2011"]
[Source "ChessBase"]
[SourceDate "2010.08.31"]
[SourceVersion "1"]
[SourceVersionDate "2010.08.31"]
[SourceQuality "1"]

1. e4 e5 2. Nf3 Nc6 3. Bb5 a6 4. Bxc6 dxc6 5. 0-0 f6 6. d4 Bg4 7. c3 Bd6 8. Nbd2 Nh6 9. Qb3 Rb8 10. h3 Bd7 11. Nc4 Nf7 12. Be3 b5 13. Nxd6+ cxd6 14. a4 bxa4 15. Qxa4 Rxb2 16. Qa3 Qb8 17. Qxa6 0-0 18. Rfd1 Qb3 19. Qa7 Bc8 20. Qa5 Be6 21. dxe5 fxe5 22. Nd2 Qc2 23. Rdb1 Rxb1+ 24. Rxb1 c5 25. Rb7 Qd3 26. Kh2 Bc8 27. Re7 Ba6 28. Qa2 Bb5 29. Rb7 Bc6 30. Rb6 Bxe4 31. Nxe4 Qxe4 32. Rxd6 c4 33. Re6 Qd3 34. Qa6 Qxc3 35. Bc5 Qd2 36. Qxc4 Rc8 37. Qb5 Qd8 38. Re7 Nh6 39. Qb7 Qf8 40. Rxg7+ Qxg7 41. Qxc8+ Kf7 42. Qb7+ Kg6 43. Qe4+ Kf6 44. Qf3+ 1-0

[Event "GER-ch40 V07 email"]
[Site "GER email"]
[Date "2008.04.28"]
[Round "?"]
[White "Kuntermann, Herbert"]
[Black "Farmer, Walter"]
[Result "1/2-1/2"]
[WhiteElo "2298"]
[BlackElo "2403"]
[PlyCount "44"]
[EventDate "2008.??.??"]
[EventType "tourn (corr)"]
[EventRounds "10"]
[EventCountry "GER"]
[SourceTitle "Corr 2011"]
[Source "ChessBase"]
[SourceDate "2010.08.31"]
[SourceVersion "1"]
[SourceVersionDate "2010.08.31"]
[SourceQuality "1"]

1. e4 e5 2. Nf3 Nc6 3. d4 exd4 4. Nxd4 Bc5 5. Be3 Qf6 6. c3 Nge7 7. Bc4 0-0 8. 0-0 b6 9. Nc2 Ne5 10. Be2 N5g6 11. Re1 Bb7 12. Nd2 d5 13. exd5 Bxe3 14. Nxe3 Nxd5 15. Ne4 Qe5 16. Bf3 Rad8 17. Nxd5 Bxd5 18. Ng3 Bxf3 19. Qxf3 Qb5 20. b3 Rd3 21. Re3 Rxe3 22. Qxe3 Rd8 1/2-1/2

[Event "GER-ch40 V07 email"]
[Site "GER email"]
[Date "2008.04.28"]
[Round "?"]
[White "Kuntermann, Herbert"]
[Black "Mantovanelli, Marco"]
[Result "0-1"]
[WhiteElo "2298"]
[BlackElo "2543"]
[PlyCount "86"]
[EventDate "2008.??.??"]
[EventType "tourn (corr)"]
[EventRounds "10"]
[EventCountry "GER"]
[SourceTitle "Corr 2011"]
[Source "ChessBase"]
[SourceDate "2010.08.31"]
[SourceVersion "1"]
[SourceVersionDate "2010.08.31"]
[SourceQuality "1"]

1. e4 c5 2. Nf3 Nc6 3. d4 cxd4 4. Nxd4 g6 5. c4 Bg7 6. Nc2 d6 7. Nc3 Bxc3+ 8. bxc3 Nf6 9. f3 Qa5 10. Bd2 0-0 11. Be2 Bd7 12. Ne3 Ne5 13. 0-0 Rac8 14. Qe1 Be6 15. Nd5 Rfe8 16. Qh4 Bxd5 17. cxd5 Nc4 18. Bxc4 Rxc4 19. Qg5 Ra4 20. Rfb1 b6 21. Rb2 Nd7 22. Rc2 Nc5 23. c4 Qa6 24. Bc3 f6 25. Qd2 Rc8 26. Bd4 Nd7 27. c5 dxc5 28. Bf2 Ne5 29. Qf4 Rf8 30. Qh6 Ra3 31. Qh3 Kg7 32. Kh1 Re8 33. Bg3 Qa4 34. Rd2 Nd3 35. Qh4 Qb4 36. Be1 Qd4 37. Rad1 Qa4 38. Ra1 c4 39. Bf2 Qb5 40. Be3 c3 41. Rdd1 c2 42. Rf1 Qc4 43. Kg1 Rxa2 0-1

[Event "GER KF-36 Class1 B1 email"]
[Site "GER email"]
[Date "2007.??.??"]
[Round "?"]
[White "Kuntermann, Herbert"]
[Black "Bucher, Heinz"]
[Result "1/2-1/2"]
[WhiteElo "1945"]
[BlackElo "2269"]
[PlyCount "45"]
[EventDate "2007.??.??"]
[EventType "tourn (corr)"]
[EventRounds "6"]
[EventCountry "GER"]
[SourceTitle "Corr 2008"]
[Source "ChessBase"]
[SourceDate "2008.06.24"]
[SourceVersion "1"]
[SourceVersionDate "2008.06.24"]
[SourceQuality "1"]

1. e4 c5 2. Nf3 d6 3. d4 cxd4 4. Nxd4 Nf6 5. Nc3 e6 6. g4 h6 7. g5 hxg5 8. Bxg5 Nc6 9. Qd2 Qb6 10. Nb3 Ne5 11. Qe2 Bd7 12. 0-0-0 Rc8 13. f3 Nc4 14. h4 a5 15. a4 Nh7 16. Bf4 e5 17. Bd2 Nf6 18. Kb1 Qb4 19. Be1 Bxa4 20. Nd5 Qb5 21. Nc3 Qb4 22. Nd5 Qb5 23. Nc3 1/2-1/2

[Event "GER KF-36 Class1 B1 email"]
[Site "GER email"]
[Date "2007.??.??"]
[Round "?"]
[White "Kuntermann, Herbert"]
[Black "Schilling, Frank"]
[Result "0-1"]
[WhiteElo "1945"]
[BlackElo "2096"]
[PlyCount "94"]
[EventDate "2007.??.??"]
[EventType "tourn (corr)"]
[EventRounds "6"]
[EventCountry "GER"]
[SourceTitle "Corr 2008"]
[Source "ChessBase"]
[SourceDate "2008.06.24"]
[SourceVersion "1"]
[SourceVersionDate "2008.06.24"]
[SourceQuality "1"]

1. e4 c5 2. Nf3 d6 3. d4 cxd4 4. Nxd4 Nf6 5. Nc3 g6 6. Be3 Bg7 7. f3 0-0 8. Qd2 Nc6 9. 0-0-0 d5 10. exd5 Nxd5 11. Nxc6 bxc6 12. Nxd5 cxd5 13. Qxd5 Qc7 14. Qc5 Qb7 15. b3 Bf5 16. Bd3 Rac8 17. Qa5 Rc3 18. Bxf5 Rxe3 19. Be4 Qb8 20. g3 Qc8 21. g4 Qb8 22. Qg5 Qb6 23. Qxe7 Re2 24. Kb1 Qa5 25. a4 Qc3 26. Qa3 Rb8 27. Rc1 Bf6 28. Rhd1 Rb4 29. g5 Bxg5 30. Qb2 Qxb2+ 31. Kxb2 Bxc1+ 32. Kxc1 Rxh2 33. Rd7 h5 34. Rxa7 h4 35. Rd7 Rh1+ 36. Kb2 h3 37. Kc3 h2 38. Kxb4 Re1 39. Bd5 h1Q 40. c4 Re3 41. Rxf7 Kh8 42. c5 Qe1+ 43. Kb5 Qe2+ 44. Kb6 Qd2 45. Rd7 Re8 46. Bc6 Qb4+ 47. Bb5 Rb8+ 0-1

[Event "GER KF-36 Class1 B1 email"]
[Site "GER email"]
[Date "2007.??.??"]
[Round "?"]
[White "Wilhelm, Karl Guenter"]
[Black "Kuntermann, Herbert"]
[Result "1/2-1/2"]
[WhiteElo "2024"]
[BlackElo "1945"]
[PlyCount "63"]
[EventDate "2007.??.??"]
[EventType "tourn (corr)"]
[EventRounds "6"]
[EventCountry "GER"]
[SourceTitle "Corr 2008"]
[Source "ChessBase"]
[SourceDate "2008.06.24"]
[SourceVersion "1"]
[SourceVersionDate "2008.06.24"]
[SourceQuality "1"]

1. Nc3 Nf6 2. e4 e5 3. Nf3 Nc6 4. Bc4 Nxe4 5. Nxe4 d5 6. Bd3 dxe4 7. Bxe4 Bd6 8. 0-0 0-0 9. c3 Bg4 10. Re1 Kh8 11. h3 Bh5 12. Qa4 Rb8 13. d3 f6 14. Be3 a6 15. Nh4 Ne7 16. Nf5 Be8 17. Qd1 Nxf5 18. Bxf5 Bd7 19. Qh5 Bxf5 20. Qxf5 Qe8 21. a4 Qf7 22. b4 Qb3 23. Rec1 Rfe8 24. Qf3 c6 25. Bb6 Qf7 26. Rab1 f5 27. Re1 Re6 28. Re2 Rbe8 29. Rbe1 R6e7 30. Bc5 Bxc5 31. bxc5 Kg8 32. d4 1/2-1/2